A PRACTICAL BOOK OF PHARMACOGNOSY (Record no. 268358)

MARC details
000 -LEADER
fixed length control field 00322pam a2200133a 44500
008 - FIXED-LENGTH DATA ELEMENTS--GENERAL INFORMATION
fixed length control field 230405s2021 xxu||||| |||| 00| 0 eng d
041 ## - LANGUAGE CODE
Language code of text/sound track or separate title ENG
100 ## - MAIN ENTRY--PERSONAL NAME
Personal name DR RAGEEB USMAN
245 ## - TITLE STATEMENT
Title A PRACTICAL BOOK OF PHARMACOGNOSY
250 ## - EDITION STATEMENT
Edition statement 1
260 ## - PUBLICATION, DISTRIBUTION, ETC.
Place of publication, distribution, etc. NEW DELHI
Name of publisher, distributor, etc. S VIKAS PUBLISHING
Date of publication, distribution, etc. 2021
300 ## - PHYSICAL DESCRIPTION
Extent 45
906 ## - LOCAL DATA ELEMENT F, LDF (RLIN)
a 2919
Holdings
Withdrawn status Lost status Damaged status Not for loan Collection Home library Current library Date acquired Source of acquisition Cost, normal purchase price Total Checkouts Barcode Date last seen Price effective from Koha item type Date due Date last checked out
          College of Pharmacy, Kolhapur College of Pharmacy, Kolhapur 14/04/2023 BHARATI MADHYVARTI SAHAKARI GRAHAK BHANDAR LTD 105.00   PCK-DI-472 14/04/2023 14/04/2023 Book    
          College of Pharmacy, Kolhapur College of Pharmacy, Kolhapur 14/04/2023 BHARATI MADHYVARTI SAHAKARI GRAHAK BHANDAR LTD 105.00   PCK-DI-470 14/04/2023 14/04/2023 Book    
          College of Pharmacy, Kolhapur College of Pharmacy, Kolhapur 14/04/2023 BHARATI MADHYVARTI SAHAKARI GRAHAK BHANDAR LTD 105.00   PCK-DI-469 14/04/2023 14/04/2023 Book    
          College of Pharmacy, Kolhapur College of Pharmacy, Kolhapur 14/04/2023 BHARATI MADHYVARTI SAHAKARI GRAHAK BHANDAR LTD 105.00 1 PCK-DI-468 16/05/2024 14/04/2023 Book 16/05/2024 16/05/2024